000 00478nam a2200157Ia 4500
003 Ost
005 20260225132548.0
008 260225s9999||||xx |||||||||||||| ||und||
040 _cfsic
041 _afre
082 _a440
100 _aGroupe d'etude sur les Aspects économiques de l'enseignement
_eAuteur
245 0 _aplanification de l'enseignement problemes d'organisation /
245 0 _cGroupe d'etude sur les Aspects économiques de l'enseignement
942 _cكتاب
999 _c33970
_d33970